000 00384nam a2200133Ia 4500
008 100328s9999 xx 000 0 und d
082 _b40494
100 _aआपटे ह.ना.
245 _aसूर्यग्रहण
260 _bअ.वि.पटर्वान
630 _aसूर्यग्रहण
730 _aसूर्यग्रहण
942 _cBOOK
999 _c529205
_d529202